[Event "ch-USA"]
[Site "Seattle USA"]
[Date "2002.01.06"]
[Round "2"]
[White "Gulko,B"]
[Black "Fedorowicz,J"]
[Result "1/2-1/2"]
[WhiteElo "2601"]
[BlackElo "2517"]
[EventDate "2002.01.05"]

1. c4 e6 2. d4 Nf6 3. Nc3 Bb4 4. e3 c5 5. Nge2 cxd4 6. exd4 O-O 7. a3 Be7
8. Nf4 d6 9. Be3 Nbd7 10. Be2 a6 11. O-O Qc7 12. Rc1 b6 13. b4 Bb7 14. d5
e5 15. Nd3 Rac8 16. f4 exf4 17. Bxf4 Qb8 18. Nf2 Ne5 19. Nce4 Nfd7 20. Qd4
Ng6 21. Bg5 Rce8 22. Bh5 Qd8 23. Nh3 Bxg5 24. Nhxg5 Nde5 25. Bxg6 Nxg6 26.
Nf3 1/2-1/2

[Event "ch-USA"]
[Site "Seattle USA"]
[Date "2002.01.07"]
[Round "3"]
[White "Shabalov,A"]
[Black "Fishbein,A"]
[Result "1-0"]
[WhiteElo "2606"]
[BlackElo "2497"]
[EventDate "2002.01.05"]

1. e4 c5 2. Nf3 d6 3. d4 cxd4 4. Nxd4 Nf6 5. Nc3 Nc6 6. Bg5 e6 7. Qd2 Be7
8. O-O-O O-O 9. Nb3 Qb6 10. f3 Rd8 11. Nb5 Rd7 12. Qe1 a5 13. a4 Nb4 14.
Kb1 e5 15. c3 Na6 16. Bc4 Nc7 17. Be3 Qc6 18. Qe2 d5 19. Nxc7 Rxc7 20. Bb5
Qe6 21. Qd3 dxe4 22. Qd8+ Bxd8 23. Rxd8+ Ne8 24. Nc5 Qe7 25. Rxe8+ Qxe8 26.
Bxe8 exf3 27. Bb5 fxg2 28. Rg1 Bf5+ 29. Kc1 Rac8 30. Nd3 Bd7 31. Kc2 Bxb5
32. axb5 a4 33. Rxg2 a3 34. Bb6 Rc4 35. Nxe5 a2 36. Rg1 Re4 37. Nd3 Ra8 38.
Ra1 Re2+ 39. Kb3 Rxh2 40. Bd4 h5 41. Nc5 Rg2 42. Nxb7 Rg6 43. Kb4 h4 44.
Na5 h3 45. Be5 Rg2 46. b3 h2 47. Bxh2 Rxh2 48. c4 f5 49. b6 Rb8 50. c5 f4
51. b7 Rc2 52. Kb5 g5 53. c6 g4 54. Nc4 Re2 55. Nd6 Re7 56. Kb6 g3 57. Nf5
Rh7 58. Rxa2 Rf8 59. Ra8 Rhf7 60. Nh4 f3 61. Rxf8+ Rxf8 62. Nxf3 1-0

[Event "ch-USA"]
[Site "Seattle USA"]
[Date "2002.01.07"]
[Round "3"]
[White "Sagalchik,O"]
[Black "Baginskaite,C"]
[Result "0-1"]
[WhiteElo "2130"]
[BlackElo "2357"]
[EventDate "2002.01.05"]

1. d4 Nf6 2. c4 e6 3. Nc3 Bb4 4. e3 O-O 5. Bd3 c5 6. Nge2 d5 7. O-O Nc6 8.
a3 dxc4 9. Bxc4 Bxc3 10. bxc3 Qc7 11. Ba2 b5 12. Qc2 Qb6 13. Bb1 Bb7 14.
Ng3 g6 15. f3 Rac8 16. Qf2 cxd4 17. cxd4 Na5 18. Ra2 Nb3 19. Bb2 Bd5 20.
Rd1 Na5 21. Ra1 Nb3 22. Ra2 Rfd8 23. Ne4 Ne8 24. Qh4 Bxe4 25. fxe4 e5 26.
Qe7 exd4 27. Rf1 Qe6 28. Qxa7 Rc7 29. Bxd4 Rxa7 30. Bxa7 Rd7 31. Bd4 Nxd4
32. exd4 Rxd4 33. Raf2 Nd6 34. Ba2 Qxe4 35. Bxf7+ Nxf7 36. Rxf7 Rd2 37.
Rf8+ Kg7 38. R8f7+ Kh6 39. R7f3 Qc2 40. Rg3 Qc5+ 41. Kh1 Rf2 42. Re1 Ra2
43. Rg4 Rxa3 44. h3 Ra4 0-1

[Event "ch-USA"]
[Site "Seattle USA"]
[Date "2002.01.08"]
[Round "4"]
[White "Christiansen,L"]
[Black "Fedorowicz,J"]
[Result "1-0"]
[WhiteElo "2571"]
[BlackElo "2517"]
[EventDate "2002.01.05"]

1. d4 Nf6 2. c4 e6 3. Nf3 b6 4. a3 Ba6 5. Qc2 c5 6. d5 exd5 7. cxd5 g6 8.
Nc3 Bg7 9. g3 O-O 10. Bg2 d6 11. O-O Nbd7 12. Re1 Re8 13. Bf1 Ne5 14. Nxe5
Rxe5 15. Bf4 Re8 16. Rad1 Qe7 17. h3 Rad8 18. Qa4 Qb7 19. e4 Bxf1 20. Kxf1
Nh5 21. Bg5 Rb8 22. Qc6 Be5 23. Kg2 b5 24. f4 Bxc3 25. bxc3 f6 26. Bh6 Qe7
27. e5 fxe5 28. fxe5 dxe5 29. d6 Qb7 30. Qd5+ Qxd5+ 31. Rxd5 Rbd8 32. Bg5
Rd7 33. Be7 Ng7 34. g4 Rexe7 35. dxe7 Rxd5 36. Rf1 Rd2+ 37. Kg1 1-0

[Event "ch-USA"]
[Site "Seattle USA"]
[Date "2002.01.09"]
[Round "5"]
[White "Shabalov,A"]
[Black "Christiansen,L"]
[Result "0-1"]
[WhiteElo "2606"]
[BlackElo "2571"]
[EventDate "2002.01.05"]

1. d4 Nf6 2. c4 e6 3. Nf3 b6 4. Nc3 Bb7 5. a3 d5 6. cxd5 exd5 7. g3 Bd6 8.
Bg2 O-O 9. O-O Nbd7 10. Bf4 Bxf4 11. gxf4 c5 12. e3 Rc8 13. Rc1 Ne4 14. Ne2
Qe7 15. Ng3 Rfd8 16. Bh3 Rc7 17. Qe2 Nf8 18. Rfd1 Bc8 19. Bg2 Bg4 20. dxc5
bxc5 21. Qc2 Rd6 22. Re1 Ng6 23. b4 h6 24. Nd4 Nh4 25. bxc5 Rxc5 26. Qd3
Nxg2 27. Kxg2 Qh4 28. Kg1 Nxf2 29. Qf1 Rxc1 30. Rxc1 Ne4 31. Nxe4 dxe4 32.
Qf2 Qh5 33. f5 Kh7 34. Qf4 Rf6 35. Rf1 Bh3 36. Rc1 Bxf5 37. Nxf5 Rxf5 0-1

[Event "ch-USA"]
[Site "Seattle USA"]
[Date "2002.01.09"]
[Round "5"]
[White "Fedorowicz,J"]
[Black "Kraai,J"]
[Result "1/2-1/2"]
[WhiteElo "2517"]
[BlackElo "2442"]
[EventDate "2002.01.05"]

1. d4 e6 2. Nf3 b5 3. e4 Bb7 4. Nbd2 a6 5. Bd3 c5 6. c3 cxd4 7. cxd4 Nc6 8.
O-O Rc8 9. a3 Nge7 10. d5 exd5 11. Re1 d4 12. e5 Qc7 13. Ne4 Nxe5 14. Nxe5
Qxe5 15. Ng3 Qf6 16. Bd2 g6 17. Bb4 d6 18. a4 Rc4 19. Bxc4 bxc4 20. Rc1 d5
21. b3 Qb6 22. Bxe7 Bxe7 23. bxc4 Kf8 24. a5 Qc5 25. Qb3 Ba8 26. cxd5 Qxa5
27. Qc4 Bf6 28. d6 Kg7 29. Ra1 Qb5 30. Qxb5 axb5 31. Ne4 Rd8 32. Nxf6 Kxf6
33. Red1 Ke5 34. Ra6 Bd5 35. Re1+ Kf6 36. Rb6 Rd7 37. f3 Bc4 38. Kf2 d3 39.
Re4 g5 40. Ke1 Be6 41. Kd2 Bc4 42. h4 gxh4 43. Rxh4 Ke5 44. Ke3 f6 45. Rh5+
Ke6 46. Rh6 Rf7 47. g4 Kd5 48. Rh5+ Ke6 49. f4 Rd7 50. Rh6 Rd8 51. Kd2 Kd5
52. Ra6 b4 53. Ra4 Rxd6 54. Rxb4 Ra6 55. Rb2 Ke4 56. Rxh7 Kxf4 57. Rb4 Ra2+
58. Kd1 Ra1+ 59. Kd2 Ra2+ 60. Kd1 1/2-1/2

[Event "ch-USA"]
[Site "Seattle USA"]
[Date "2002.01.09"]
[Round "5"]
[White "Khmelnitsky,I"]
[Black "Gulko,B"]
[Result "1/2-1/2"]
[WhiteElo "2479"]
[BlackElo "2601"]
[EventDate "2002.01.05"]

1. e4 e6 2. d4 d5 3. exd5 exd5 4. Nf3 Nf6 5. Bg5 Be7 6. Bd3 O-O 7. O-O Bg4
8. Nbd2 Nbd7 9. h3 Bh5 10. c3 c5 11. Qc2 c4 12. Bf5 Bg6 13. Rae1 Re8 14.
Re2 Qc7 15. Rfe1 Bd6 16. Bxf6 Rxe2 17. Rxe2 Nxf6 18. Nf1 b5 19. Ne3 Kf8 20.
Ne5 Bxe5 21. dxe5 Qxe5 22. Bxg6 hxg6 23. Nxc4 Qc7 24. Ne3 Qc5 25. Rd2 Rd8
26. Qd3 Rd7 27. a3 a5 28. Qd4 Qxd4 29. Rxd4 Ke7 30. Kf1 Ke6 31. Ke2 g5 32.
h4 gxh4 33. Rxh4 Rd8 34. Nc2 Kd6 35. Nd4 Re8+ 36. Kd3 Kc5 37. Nf5 a4 38. f3
Nd7 1/2-1/2

[Event "ch-USA"]
[Site "Seattle USA"]
[Date "2002.01.09"]
[Round "5"]
[White "Kriventsov,S"]
[Black "Hoekstra,M"]
[Result "1-0"]
[WhiteElo "2415"]
[BlackElo "2211"]
[EventDate "2002.01.05"]

1. e4 c5 2. Nf3 Nc6 3. d4 cxd4 4. Nxd4 g6 5. c4 Nf6 6. Nc3 Nxd4 7. Qxd4 d6
8. Be2 Bg7 9. Be3 O-O 10. Qd2 Be6 11. f3 Rc8 12. Nd5 a6 13. O-O Bxd5 14.
exd5 Qd7 15. Rad1 b5 16. b3 Ra8 17. b4 e6 18. Bg5 exd5 19. Bxf6 Bxf6 20.
Qxd5 Rae8 21. Rf2 Qa7 22. Kf1 Bd8 23. f4 Bb6 24. Rf3 Qe7 25. Qd2 Qh4 26. h3
Re4 27. Bd3 Rd4 28. cxb5 axb5 29. Re1 Ra8 30. g4 Qf6 31. g5 Qd8 32. Re4
Rxe4 33. Bxe4 Rc8 34. f5 Rc4 35. fxg6 hxg6 36. Bd5 Rc7 37. Rf6 Qc8 38. Qd3
Rc1+ 39. Ke2 Qe8+ 40. Kf3 Kh8 41. Rxf7 Qc8 42. Ke2 Rc2+ 43. Kd1 Rc1+ 44.
Kd2 Rg1 45. Qc3+ Qxc3+ 46. Kxc3 Rxg5 47. Bc6 Rh5 48. Bd7 Rg5 49. Bg4 Re5
50. Rf6 Re3+ 51. Kc2 Ra3 52. Rxd6 Rxa2+ 53. Kb3 Bc7 54. Rxg6 Ra1 55. Rc6
Bg3 56. Bf5 Be1 57. Re6 Kg7 58. Kb2 Ra4 59. Rxe1 Rxb4+ 60. Kc3 Rf4 61. Bg4
b4+ 62. Kb3 Kf6 63. Re3 Kg5 64. Be2 Rd4 65. Rg3+ Kf4 66. Rg4+ Ke3 67. Bc4
Rf4 68. Kxb4 Kf3 69. Kc5 Rf5+ 70. Bd5+ Kf2 71. Kd6 Rh5 72. h4 Rh6+ 73. Ke7
Rh5 74. Be4 Ke3 75. Kf6 Ra5 76. Bf5 Kf3 77. h5 1-0

[Event "ch-USA"]
[Site "Seattle USA"]
[Date "2002.01.11"]
[Round "7"]
[White "Airapetian,S"]
[Black "Groberman,E"]
[Result "1/2-1/2"]
[WhiteElo "2068"]
[BlackElo "2102"]
[EventDate "2002.01.05"]

1. e4 e5 2. Nf3 Nc6 3. Bb5 a6 4. Ba4 Nf6 5. O-O Be7 6. Re1 b5 7. Bb3 O-O 8.
c3 d5 9. exd5 Nxd5 10. Nxe5 Nxe5 11. Rxe5 c6 12. d4 Bd6 13. Re1 Qh4 14. g3
Qh3 15. Be3 Bg4 16. Qd3 Rae8 17. Nd2 f5 18. f4 g5 19. Qf1 Qh5 20. a4 Kh8
21. Bxd5 cxd5 22. axb5 axb5 23. Qf2 Re4 24. Ra6 Re6 25. Rea1 Rfe8 26. fxg5
Kg8 27. h4 Bh3 28. Bf4 Re1+ 29. Rxe1 Rxe1+ 30. Qxe1 Bxf4 31. Qe6+ Kf8 32.
Qf6+ Kg8 33. Qd8+ Kg7 34. Qe7+ Kg8 35. Qd8+ Kg7 1/2-1/2